Catálogo
 En Linea

Caamaño : (Registro nro. 38637)

Detalles MARC
000 -CABECERA
campo de control de longitud fija 02384nam a2200361 i 4500
001 - NÚMERO DE CONTROL
campo de control 000039147
003 - IDENTIFICADOR DEL NÚMERO DE CONTROL
campo de control DO-SdBNP
005 - FECHA Y HORA DE LA ÚLTIMA TRANSACCIÓN
campo de control 20260219140421.0
007 - CAMPO FIJO DE DESCRIPCIÓN FÍSICA--INFORMACIÓN GENERAL
campo de control de longitud fija ta
008 - DATOS DE LONGITUD FIJA--INFORMACIÓN GENERAL
campo de control de longitud fija 130528e2013 dr ao gr 001 edspa d
020 ## - NÚMERO INTERNACIONAL ESTÁNDAR DEL LIBRO
Número Internacional Estándar del Libro 9789945165357
040 ## - FUENTE DE LA CATALOGACIÓN
Centro catalogador/agencia de origen DO-SdBNP
Lengua de catalogación spa
Centro/agencia transcriptor BNPHU
Normas de descripción rda
041 ## - CÓDIGO DE LENGUA
Código de lengua original spa
082 #4 - NÚMERO DE LA CLASIFICACIÓN DECIMAL DEWEY
Número de clasificación xxx
Número de documento/Ítem H552C
Número de edición 22
100 1# - ENTRADA PRINCIPAL--NOMBRE DE PERSONA
Nombre de persona Hamlet, Hermann,
Fechas asociadas al nombre 1934-2016
Término indicativo de función/relación autor
9 (RLIN) 36649
Código de función/relación aut.
245 10 - MENCIÓN DE TÍTULO
Título Caamaño :
Resto del título biografía de una época /
Mención de responsabilidad, etc. Hamlet Hermann.
264 #4 - PRODUCCIÓN, PUBLICACIÓN, DISTRIBUCIÓN, FABRICACIÓN Y COPYRIGHT
Producción, publicación, distribución, fabricación y copyright Santo Domingo, República Dominicana :
Nombre del de productor, editor, distribuidor, fabricante Editora Búho,
Fecha de producción, publicación, distribución, fabricación o copyright ©2013
300 ## - DESCRIPCIÓN FÍSICA
Extensión 523 páginas :
Otras características físicas ilustraciones, fotografías ;
Dimensiones 28 cm.
336 ## - TIPO DE CONTENIDO
Término de tipo de contenido rdacontent
Código de tipo de contenido texto
Fuente txt
337 ## - TIPO DE MEDIO
Nombre/término del tipo de medio rdamedia
Código del tipo de medio sin mediación
Fuente n
338 ## - TIPO DE SOPORTE
Nombre/término del tipo de soporte rdacarrier
Código del tipo de soporte volumen
Fuente nc
500 ## - NOTA GENERAL
Nota general Incluye datos biográficos del autor en las solapas de las portadas
500 ## - NOTA GENERAL
Nota general Incluye índice onomástico.
500 ## - NOTA GENERAL
Nota general Incluye notas al pie de las páginas
504 ## - NOTA DE BIBLIOGRAFÍA, ETC.
Nota de bibliografía, etc. Bibliografía: p. 505 -513
505 #0 - NOTA DE CONTENIDO CON FORMATO
Nota de contenido con formato Presentación.
Título Origen de la familia Caamaño.--
-- El oficial Caamaño Medina.--
-- Francis inicia la carrera militar.--
-- Paréntesis histórico.--
-- Consejo de Estado.--
-- Palmo Sola.--
-- Gobierno Constitucional y cuartelazo.--
-- Guerra civil.--
-- Guerra Patriótica.--
-- Negociación y agresión.--
-- La Academia militar "24 de abril".--
-- Continúan las negociaciones.--
-- Caamaño renuncia al presidencia de la República.--
-- Gobierno provisional de Héctor García-Godoy
-- Victoria constitucionalista en el hotel Matum.--
-- Caamaño va a Londres como agregado militar.--
-- Visita de Caamaño a Oxford.--
-- Cortejando al líder militar constitucionalista.--
-- Juan Montalvo conversa con Caamaño.--
-- Balaguer asume el gobierno.--
-- Bosch se va a España.--
-- Pérez y Pérez trata de paralizar a Caamaño en Londres.--
-- Caamaño tendría que desafiar la época.--
-- Haciendo maletas para ir al Caribe.--
505 #0 - NOTA DE CONTENIDO CON FORMATO
Nota de contenido con formato Listando su salida para Cuba.--
Mención de responsabilidad Caamaño en Cuba.--
Título Nuevos vientos soplan en Cuba.--
-- Empezar de nuevo.--
-- A partir del 28 de septiembre de 1972.--
-- Antesala de la Repatriación.--
-- De vuelta a casa.--
-- Llegaron llenos de patriotismo.--
-- Bibliografía.--
-- Índice onomástico.
590 ## - NOTA LOCAL (RLIN)
Nota local Inventariado 2023 / MF
600 #4 - PUNTO DE ACCESO ADICIONAL DE MATERIA--NOMBRE DE PERSONA
9 (RLIN) 10026
Nombre de persona Caamaño Deñó, Francisco Alberto,
Fechas asociadas al nombre 1932-1973
Subdivisión de forma Biografía
651 #4 - PUNTO DE ACCESO ADICIONAL DE MATERIA--NOMBRE GEOGRÁFICO
9 (RLIN) 51909
Nombre geográfico República Dominicana
Subdivisión general Biografías
Subdivisión cronológica 1965
910 ## - DATOS DE OPCIÓN DEL USUARIO (OCLC)
Datos de opción del usuario MFeliz
942 ## - ELEMENTOS DE PUNTO DE ACCESO ADICIONAL (KOHA)
Fuente del sistema de clasificación o colocación Dewey Decimal Classification
Tipo de ítem Koha Libro
Existencias
Estado de retiro Estado de pérdida Fuente del sistema de clasificación o colocación Restricciones de uso No para préstamo Código de colección Localización permanente Ubicación/localización actual Ubicación en estantería Fecha de adquisición Fuente de adquisición Signatura topográfica completa Código de barras Fecha visto por última vez Precio válido a partir de Tipo de ítem Koha Total de préstamos Número de copia Nota pública
    Dewey Decimal Classification Excluido de préstamo   Patrimonio Dominicano Biblioteca Nacional Pedro Henríquez Ureña Biblioteca Nacional Pedro Henríquez Ureña En catalogación 28.05.2013 Depósito Legal BNPHU PD xxx H552C 39147-10 25.06.2020 25.06.2020 Libro      
    Dewey Decimal Classification Excluido de préstamo   Patrimonio Dominicano Biblioteca Nacional Pedro Henríquez Ureña Biblioteca Nacional Pedro Henríquez Ureña En catalogación 19.05.2022 Donado por Ubi Rivas BNPHU PD xxx H552C 2023-0527 01.02.2023 01.02.2023 Libro   e.2  
    Dewey Decimal Classification Préstamo en sala   Dominicana de Servicio Biblioteca Nacional Pedro Henríquez Ureña Biblioteca Nacional Pedro Henríquez Ureña En catalogación 02.12.2024 Donado por la Presidencia de la República Dominicana 2023 BNPHU DS xxx H552C 2024-6835 02.12.2024 02.12.2024 Libro   e.3 Pertenecio a la biblioteca personal de Emilio Cordero Michel
    Dewey Decimal Classification Préstamo en sala   Dominicana de Servicio Biblioteca Nacional Pedro Henríquez Ureña Biblioteca Nacional Pedro Henríquez Ureña En catalogación 19.02.2026 Donado por Laura Pujols 2025 BNPHU DS xxx H552C 2026-1442 19.02.2026 19.02.2026 Libro   e.4  

Con tecnología Koha